Поэты пушкинского круга: Сборник

Podrobná bibliografie
Další autoři: Кунин В. В. Виктор Владимирович (составитель)
Jazyk:ruština
Vydáno: Москва, Правда, 1983
Témata:
Médium: MixedMaterials Kniha
KOHA link:https://koha.lib.tpu.ru/cgi-bin/koha/opac-detail.pl?biblionumber=117066

MARC

LEADER 00000nam0a2200000 4500
001 117066
005 20231031123532.0
020 |a RU  |b 83-89401 
035 |a (RuTPU)RU\TPU\book\126690 
090 |a 117066 
100 |a 20070530d1983 m y0rusy5003 ca 
101 0 |a rus 
102 |a RU 
105 |a a z 000gy 
200 1 |a Поэты пушкинского круга  |e Сборник  |f сост., биогр очерки и примеч. В. В. Кунин 
210 |a Москва  |c Правда  |d 1983 
215 |a 686 с.  |c ил., 4 л. ил.  |d 21 см 
610 1 |a русская литература 
610 1 |a русские поэты 
610 1 |a стихи 
675 |a Р1  |z rus  |v 3 
702 1 |a Кунин  |b В. В.  |g Виктор Владимирович  |4 220 
801 0 |a RU  |b RuMRKP  |c 19950704  |g psbo 
801 1 |a RU  |b 63413507  |c 20070530  |g PSBO 
801 2 |a RU  |b 63413507  |c 20070824  |g PSBO 
942 |c BK